| 000 | 00469nmm a2200157Ia 4500 | ||
|---|---|---|---|
| 008 | 251105s9999||||xx |||||||||||||||||und|| | ||
| 020 | _a9788497434713 | ||
| 041 | _aspa | ||
| 100 | _aMingorance, Joan | ||
| 245 | 0 |
_aAmor y libertad : _b La pasión que desafía a la urdimbre social |
|
| 264 |
_a[Madrid, España] : _bMilenio, _c2012 |
||
| 300 | _a248 páginas | ||
| 650 | _aCultural Studies | ||
| 856 | _uhttps://public.digitaliapublishing.com/a/21256 | ||
| 942 | _cCF | ||
| 999 |
_c90530 _d90530 |
||